| 000 | 00356nam a22001217a 4500 | ||
|---|---|---|---|
| 008 | 230619b xxu||||| |||| 00| 0 eng d | ||
| 082 |
_a303.48 _bIDRC |
||
| 100 | _cAlex T. Nguluma | ||
| 245 |
_aTECHNOLOGY POLICY STUDIES IN EASTERN AND SOUTHERN AFRICA _bEastern Africa Technology Policy Studies Network |
||
| 260 | _c1990 | ||
| 300 | _a389p | ||
| 942 |
_2ddc _cBK |
||
| 999 |
_c1354 _d1354 |
||